Distancionnoje obrazovanije v universitete

Gespeichert in:
Bibliographische Detailangaben
1. Verfasser: Kultan, Jaroslav, 1960-
Format: Buchkapitel
Sprache:Russisch
Tags: Tag hinzufügen
Keine Tags, Fügen Sie das erste Tag hinzu!

MARC

LEADER 00000nla a2200000 4500
001 0158482
005 20250707092300.2
041 0 |a rus 
044 |a RU 
245 1 0 |a Distancionnoje obrazovanije v universitete  |c Jaroslav Kultan 
500 |a Prezentácia 
100 1 |a Kultan, Jaroslav, 1960-